000 02326cam a2200277 4500500
005 20260111145819.0
041 _afre
042 _adc
100 1 0 _aDemazière, Didier
_eauthor
245 0 0 _aAu cœur du métier de facteur : « sa » tournée
260 _c2005.
500 _a68
520 _aRésuméPour l’entreprise « La Poste », engagée dans une rationalisation croissante, la tournée des facteurs est désormais considérée comme une simple séquence durant laquelle une charge de courrier doit être écoulée. Une enquête auprès de facteurs montre qu’en réalité la tournée est une activité marquée par des échanges et des relations variés avec les clients. L’enracinement dans un territoire et la possession d’une tournée à soi sont des supports indispensables au fonctionnement de leur activité et à leur identité de métier.
520 _aFor the post office administration engaged in a process of growing rationalization the postman’s delivery round is now considered to be a simple sequence of mail delivery. A survey made among postmen shows that their delivery round is actually marked by various relationships with their customers. Their rooting in a territory and the possession of their own postal district are essential for the good practice of their job and their occupational identity.
520 _aZusammenfassungFür die Postdirektion, die in einen Prozess wächsender Rationalisierung eingetreten ist, ist der Briefträgersrundgang als eine blosse Sequenz der Postzustellung angesehen. Eine bei Briefträgern durchgeführte Erhebung zeigt, dass sich ihr Rundgang tatsächlich durch verschiendenartige Beziehungen mit ihren Kunden kennzeichnet. Die Verwurzelung der Briefträger in einem Territorium und der Besitz eines eigenen Postbezirks sind wesentlich für das gute Betreiben ihrer Beruf und für ihre berufliche Identität.
690 _afacteurs
690 _agroupe professionnel
690 _amétier
690 _arelation de service
690 _ajob
690 _aoccupational group
690 _apostmen
690 _arelationships
786 0 _nEthnologie française | 35 | 1 | 2005-03-01 | p. 129-136 | 0046-2616
856 4 1 _uhttps://shs.cairn.info/revue-ethnologie-francaise-2005-1-page-129?lang=fr&redirect-ssocas=7080
999 _c1636499
_d1636499